000 02045cam a2200553 i 4500
001 37687
003 KOSZ 005
005 20250606063808.0
008 250605s1999 pl a f 000 0 pol
015 _aUWD 2000/2204
020 _a8372420823
035 _a991012886639705066
035 _a(PL-WaBN)b13480832-48omnis_nlop
035 _ab13480832
035 _a(OCoLC)749339467
035 _azz2004781513
035 _a(PL)b0000001348083
035 _a(EXLNZ-48OMNIS_NETWORK)9910021007305606
040 _aWA N
_cWA N
_dKOSZ 005/RW
046 _k1999
080 _a621.9
080 _a681.5
080 _a(075.8)
100 1 _aPrzybylski, Lucjan
_d(1932- )
_eAutor
245 1 0 _aStrategia doboru warunków skrawania współczesnymi narzędziami :
_bpodręcznik dla studentów wyższych szkół technicznych /
_cLucjan Przybylski ; Politechnika Krakowska im. Tadeusza Kościuszki.
260 _aKraków :
_bWydawnictwo PK,
_c1999.
300 _a242 strony :
_bilustracje, errata ;
_c24 cm. +
_eCD-ROM.
336 _aTekst
_btxt
_2rdacontent
337 _aBez urządzenia pośredniczącego
_bn
_2rdamedia
338 _aWolumin
_bnc
_2rdacarrier
380 _aKsiążki
380 _aPublikacje dydaktyczne
380 _aPublikacje naukowe
385 _mPoziom nauczania
_aSzkoły wyższe
388 1 _a1901-2000
388 1 _a1989-2000
504 _aBibliografia na stronach 241-242.
521 8 _aPodręcznik dla studentów wyższych szkół technicznych.
650 7 _aAutomatyzacja
_2DBN
650 7 _aMaszyny i narzędzia skrawające
_2DBN
650 7 _aSkrawanie
_2DBN
655 7 _aPodręczniki akademickie
_2DBN
658 _aInżynieria i technika
710 2 _aPolitechnika Krakowska im. Tadeusza Kościuszki
710 2 _aWydawnictwo Politechniki Krakowskiej
_4pbl
856 _uhttps://koha.tu.koszalin.pl/cgi-bin/koha/opac-detail.pl?biblionumber=37687
_yKatalog online BPK
942 _2UKD
_cKS
999 _c37687
_d37687